Vancouver - Choix multiples - Statistiques

Statistiques générales
  • Ce quiz a été pris 8 fois
  • Le résultat moyen est 6 sur 10
Statistiques - réponses
Question Réponse % Correct
Quel événement majeur Vancouver a-t-elle accueilli en 2010 ? Jeux Olympiques d'hiver
100%
Dans quelle province canadienne se situe Vancouver ? Colombie-Britannique
88%
Quel grand parc urbain se situe au coeur de Vancouver ? Stanley Park
75%
Laquelle de ces images représente une vue aérienne de Vancouver ?
63%
Qui était George Vancouver, britannique ayant donné son nom à la ville ? un navigateur
63%
Quel fleuve important se trouve près de Vancouver ? Fraser River
50%
Quel surnom est donné à Vancouver ? Hollywood North
38%
Quel est le nom de Vancouver en langue Squamish ? K’emk’emeláy̓
38%
Quelle chaîne de montagnes est visible depuis Vancouver ? Les Coast Mountains
38%
Quel détroit sépare Vancouver de l'île de Vancouver ? Détroit de Géorgie
13%
Aucun quiz correspondant
Distribution des résultats
% des personnes avec chaque résultat
Percentile par nombre de réponses
Votre historique - résultats
Vous n’avez pas pris ce quiz